[Event "Olympiad-37"]
[Site "Turin"]
[Date "2006.05.31"]
[Round "10"]
[White "Hayashi, Kenji"]
[Black "Saelee, Uaychai"]
[Result "0-1"]
[WhiteElo "2123"]
[BlackElo "2168"]
[PlyCount "102"]
[EventDate "2006.05.21"]
[EventType "team-swiss"]
[EventRounds "13"]
[EventCountry "ITA"]
[SourceTitle "CBM 113"]
[Source "ChessBase"]
[SourceDate "2006.07.31"]
[SourceVersion "1"]
[SourceVersionDate "2006.07.31"]
[SourceQuality "1"]
[WhiteTeam "Japan"]
[BlackTeam "Thailand"]
[WhiteTeamCountry "JPN"]
[BlackTeamCountry "THA"]

1. d4 Nf6 2. Nf3 g6 3. Bg5 Bg7 4. Nbd2 h6 5. Bxf6 Bxf6 6. e4 d6 7. c3 0-0 8. Bd3 c5 9. 0-0 Nc6 10. d5 Nb8 11. h3 Nd7 12. Rb1 a6 13. Nh2 b5 14. f4 c4 15. Bc2 Nc5 16. Ndf3 Bg7 17. Qd2 f5 18. exf5 Bxf5 19. Nh4 Qb6 20. Nxf5 gxf5 21. Kh1 Rf7 22. Nf3 Raf8 23. Rfe1 Qb7 24. Nh4 Nd3 25. Bxd3 Qxd5 26. Rbd1 cxd3 27. Ng6 Re8 28. Qxd3 Qxd3 29. Rxd3 Bf6 30. Rxd6 exd6 31. Rxe8+ Kg7 32. Ne5 dxe5 33. fxe5 Bh4 34. Kg1 Rd7 35. Kf1 Rd2 36. Ra8 Rf2+ 37. Ke1 Rxb2+ 38. Kd1 Rxa2 39. Ra7+ Kf8 40. Rh7 Bg5 41. e6 Rxg2 42. Rf7+ Ke8 43. Rxf5 a5 44. Rxb5 a4 45. Ra5 Ra2 46. Ra7 a3 47. c4 Rd2+ 48. Ke1 a2 49. c5 Rh2 50. c6 a1Q+ 51. Rxa1 Rh1+ 0-1

[Event "Olympiad-36"]
[Site "Mallorca"]
[Date "2004.10.24"]
[Round "9"]
[White "Abdulaziz, Mahmoud"]
[Black "Hayashi, Kenji"]
[Result "0-1"]
[WhiteElo "2101"]
[BlackElo "2056"]
[PlyCount "62"]
[EventDate "2004.10.15"]
[EventType "team-swiss"]
[EventRounds "14"]
[EventCountry "ESP"]
[SourceTitle "CBM 104"]
[Source "ChessBase"]
[SourceDate "2005.01.27"]
[SourceVersion "1"]
[SourceVersionDate "2005.01.27"]
[SourceQuality "1"]
[WhiteTeam "Lebanon"]
[BlackTeam "Japan"]
[WhiteTeamCountry "LBN"]
[BlackTeamCountry "JPN"]

1. c4 e6 2. g3 d5 3. Nf3 Nf6 4. Bg2 Be7 5. 0-0 0-0 6. b3 c5 7. d3 b6 8. Nbd2 Bb7 9. Bb2 Nbd7 10. e3 h6 11. Qe2 Bd6 12. Rfd1 Qe7 13. e4 dxe4 14. Nxe4 Nxe4 15. dxe4 Rfd8 16. Nd2 Be5 17. Bxe5 Nxe5 18. Nf3 Nxf3+ 19. Qxf3 e5 20. Rxd8+ Rxd8 21. Qe3 Rd4 22. Re1 Qd6 23. Qc1 Bc6 24. f3 Rd2 25. Kh1 Bd7 26. a3 Be6 27. Qa1 Qd3 28. Qb1 Qc3 29. f4 Bg4 30. Qc1 Qd3 31. h3 Bf3 0-1